Specification for refrigerated display cabinets : for the retail sale of packaged foods other than frozen foods in temperated climets only /

Saved in:
Bibliographic Details
Corporate Author: British Standards Institution
Format: Book
Language:English
Published: London : The Institution, 1965..
Series:B.S. (Series) 1966 ; 3918.
Subjects:
LEADER 01256nam a2200301 a 4500
001 c000172345
003 CARM
005 20030625200628.0
008 030415s1965 enk 000 0 eng d
019 1 |a 24743164  |5 LACONCORD2021 
035 |a (OCoLC)223729134  |5 LACONCORD2021 
040 |a VU  |b eng  |c VU 
043 |a u-uk--- 
082 0 4 |a 664.02852  |2 21 
110 2 |a British Standards Institution. 
245 1 0 |a Specification for refrigerated display cabinets :  |b for the retail sale of packaged foods other than frozen foods in temperated climets only /  |c British Standards Institution. 
246 3 0 |a Refrigerated display cabinets. 
260 |a London :  |b The Institution,  |c 1965.. 
300 |a 20 p. ;  |c 21 cm. 
490 1 |a B.S. ;  |v 3918: 1965. 
500 |a 'B.S. 3918 : 1965.' 
650 0 |a Cold storage  |v Standards  |z Great Britain. 
650 0 |a Frozen foods  |v Standards  |z Great Britain. 
650 0 |a Refrigeration and refrigerating machinery  |v Standards  |z Great Britain. 
830 0 |a B.S. (Series)  |p 1966 ;  |v 3918. 
852 8 |b CARM  |h A2:AJ06B0  |i B05244  |p 0226679  |f BK 
999 f f |i 5fb609b5-6e50-5ac9-a2b4-2df228a78dfd  |s 38f67464-6847-5f52-aeb0-42921a95a371 
952 f f |p Can circulate  |a CAVAL  |b CAVAL  |c CAVAL  |d CARM 1 Store  |e B05244  |f A2:AJ06B0  |h Other scheme  |i book  |m 0226679